Normal view
MARC view
- Nottingham Trent University
Entry Corporate Name
001 - CONTROL NUMBER
- control field: 5777
003 - CONTROL NUMBER IDENTIFIER
- control field: SIRSI
005 - DATE AND TIME OF LATEST TRANSACTION
- control field: 20190806150246.0
008 - FIXED-LENGTH DATA ELEMENTS
- fixed length control field: 090728n| acannaabn |n ana d
040 ## - CATALOGING SOURCE
- Original cataloging agency: OSt
- Transcribing agency: OSt
110 2# - HEADING--CORPORATE NAME
- Corporate name or jurisdiction name as entry element: Nottingham Trent University
- Subordinate unit: School of Architecture, Design and the Built Environment
670 ## - SOURCE DATA FOUND
- Source citation: Houses, 2009